Responses for Show #2422 - Tuesday, February 28, 1995

Contestants

[<< previous game]

Barbara Schnell, a writer and homemaker from Los Angeles, California

Stephen Krisa, a municipal finance officer from Round Hill, Virginia

Peter Kogan, a law student originally from Kiev, Ukraine (whose 1-day cash winnings total $17,999)

[next game >>]

Jeopardy! Round responses

19th CENTURY HISTORY
A.K.A.
INTERNATIONAL CUISINE
AROUND THE WORLD
ENGINEERING
COMMON BONDS
    $100 1
Japan

Peter
    $100 11
Huston

Barbara
    $100 22
a hot dog

Barbara
    $100 16
(Stephen: What is the pyramid?)

the (Great) Sphinx

StephenBarbara
    $100 26
a suspension bridge

Stephen
    $100 6
paper

Barbara
    $200 2
Prince Albert

Stephen
    $200 12
(David) Copperfield

Stephen
    $200 23
cheese

Barbara
    $200 17
(Stephen: What is Oslo?)

Stockholm

PeterStephen
    $200 27
(Stephen: What is steel?)

iron

PeterStephen
    $200 7
a hunt

Barbara
    $300 3
(Barbara: Who is Peter the Great?)

Otto von Bismarck

PeterBarbara
    $300 13
Connie Sellecca

Peter
    $300 14
parsley

Barbara
    $300 18
Majorca

Stephen
    $300 28
the Panama Canal

Peter
    $300 8
eyes

Stephen
    $400 4
(Stephen: Who is Fulton?)

James Watt

PeterStephen
    $400 15
Butch Patrick

Peter
    $400 24
pasta

Peter
    $600 19
the Philippine Islands

Stephen
    $400 29
Rockefeller Center

Triple Stumper
    $400 9
Posts

Stephen
    $500 5
Leavenworth

Barbara
    $500 21
(Barbara: Who is Mary?)
(Alex: Mary?)
(Barbara: Benny?)
[Judge offstage says "More".]
(Alex: We need the whole name.)
(Barbara: Oh. Uh... Mary Marks. I'm sorry, I don't know.)
...
(Barbara: Oh, of course, of course.)

Mary Livingstone

Barbara
Triple Stumper
    $500 25
paella

Stephen
    $500 20
Lithuania

Stephen
    $500 30
(Peter: What is Lake Mead?)
(Stephen: Who is Hoover?)

FDR (Franklin Delano Roosevelt)

PeterStephen
Triple Stumper
    $500 10
rooms

Stephen

Scores at the first commercial break (after clue 15):

Peter Stephen Barbara
$1,500 $1,200 $900

Scores at the end of the Jeopardy! Round:

Peter Stephen Barbara
$2,100 $2,200 $800

Double Jeopardy! Round responses

EXPLORERS
LANGUAGES
WOMEN OF NOTE
U.S. GEOGRAPHY
FICTIONAL CHARACTERS
PHYSICS
    $200 29
the Civil War

Stephen
    $200 21
Africa

Barbara
    $200 6
Boston

Stephen
    $200 20
the Rockies

Stephen
    $200 1
(Alex: [Starting the round] Good choice for you, Barbara.)
(Barbara: [Remembering she has to select first] Oh, right.)

Dolittle

Stephen
    $200 24
Sir Isaac Newton

Stephen
    $400 11
(Peter: What is Vinson Massif?)
(Barbara: What is Sugarloaf?)

Ayers Rock

PeterBarbara
Triple Stumper
    $400 12
Farsi

Stephen
    $400 7
"Ma" Rainey

Peter
    $400 16
(Stephen: What is Long Island Sound?)
(Peter: What is Newport Bay?)

Narragansett

PeterStephen
Triple Stumper
    $400 2
Moriarty

Barbara
    $400 25
collapse (or contract)

Stephen
    $600 8
Robert Falcon Scott

Peter
    $600 13
English

Peter
    $600 22
the Lincoln Memorial

Stephen
    $600 17
(Stephen: Uh, what is the Mississippi?)

the Ohio

PeterStephen
    $600 3
Scheherazade

Barbara
    $600 26
the speed of sound

Stephen
    $2,100 9
Vasco da Gama

Peter
    $800 14
Arabic

Peter
    $800 23
(Alex: Less than a minute to go.)

(Beverly) Sills

Stephen
    $800 18
Cape Hatteras

Stephen
    $800 4
(Thomas) Hardy

Stephen
    $800 27
refraction

Barbara
    $1000 10
Matthew Henson

Peter
    $1000 15
(Peter: What is Spanish?)

Portuguese

Peter
Triple Stumper
    $1000 30
(Barbara: What is the piano?)

the cello

Barbara
Triple Stumper
    $3,000 19
the Tortugas

Stephen
    $1000 5
Buck

Barbara
    $1000 28
inertia

Barbara

Scores at the end of the Double Jeopardy! Round:

Peter Stephen Barbara
$6,400 $9,600 $3,400

[wagering suggestions for these scores]

Final Jeopardy! Round responses

EPIC POETRY
BarbaraWho is St. George
$3,300
PeterWho is St. George?
$6,399
StephenWho is St. George
$3,201
St. George

Final scores:

Peter Stephen Barbara
$12,799 $12,801 $6,700
2nd place: Counterpoint compact disc player + Columbia House music club CDs + Jeopardy! home game New champion: $12,801 3rd place: Pinseeker his or hers custom-made Energy+ woods & irons golf clubs with deluxe bag + Jeopardy! home game

Game dynamics:

Coryat scores:

Peter Stephen Barbara
$5,100 $7,400 $3,400
16 R
(including 1 DD),
4 W
23 R
(including 2 DDs),
7 W
14 R,
4 W

Combined Coryat: $15,900

[game clues] [game scores] [suggest correction]

Game tape date: 1994-11-16
The J! Archive is created by fans, for fans. Scraping, republication, monetization, and malicious use prohibited; this site may use cookies and collect identifying information. See terms. The Jeopardy! game show and all elements thereof, including but not limited to copyright and trademark thereto, are the property of Jeopardy Productions, Inc. and are protected under law. This website is not affiliated with, sponsored by, or operated by Jeopardy Productions, Inc. Join the discussion at JBoard.tv.